[Event "US Open-109"]
[Site "Dallas"]
[Date "2008.08.10"]
[Round "9"]
[White "Powell, Mitchell"]
[Black "Dejmek, Mark W"]
[Result "1-0"]
[WhiteElo "1925"]
[BlackElo "2136"]
[PlyCount "87"]
[EventDate "2008.08.02"]
[EventType "swiss"]
[EventRounds "9"]
[EventCountry "USA"]
[SourceTitle "CBM 125 Extra"]
[Source "ChessBase"]
[SourceDate "2008.09.01"]
[SourceVersion "1"]
[SourceVersionDate "2008.09.01"]
[SourceQuality "1"]

1. e4 c5 2. Nc3 Nc6 3. g3 g6 4. Bg2 Bg7 5. d3 d6 6. Be3 Nh6 7. h3 f5 8. Qd2 Nf7 9. Nge2 Nd4 10. f4 Rb8 11. a4 a6 12. a5 b5 13. axb6 Rxb6 14. Bxd4 cxd4 15. Na4 Rb8 16. 0-0 0-0 17. exf5 gxf5 18. b3 e6 19. Nb2 d5 20. Ra4 Qb6 21. g4 Nd6 22. Ng3 Rf7 23. Re1 Bf8 24. Re5 Bg7 25. Re1 Rbb7 26. g5 Rbc7 27. Ra2 Nb5 28. Bf3 Qd6 29. Nh5 Rc6 30. Qg2 Kh8 31. Nc4 Qb4 32. Raa1 Rxc4 33. bxc4 dxc4 34. g6 hxg6 35. Qxg6 Qf8 36. dxc4 Nd6 37. c5 Nc4 38. Rad1 e5 39. Bd5 Rc7 40. Bxc4 Qxc5 41. Bf7 Qf8 42. Qxg7+ Qxg7+ 43. Nxg7 Rxf7 44. Nh5 1-0

[Event "US Open-109"]
[Site "Dallas"]
[Date "2008.08.05"]
[Round "4"]
[White "Arnold, Marc Tyler"]
[Black "Powell, Mitchell"]
[Result "1-0"]
[WhiteElo "2336"]
[BlackElo "1925"]
[PlyCount "61"]
[EventDate "2008.08.02"]
[EventType "swiss"]
[EventRounds "9"]
[EventCountry "USA"]
[SourceTitle "CBM 125 Extra"]
[Source "ChessBase"]
[SourceDate "2008.09.01"]
[SourceVersion "1"]
[SourceVersionDate "2008.09.01"]
[SourceQuality "1"]

1. d4 d5 2. c4 e6 3. Nc3 c5 4. cxd5 cxd4 5. Qa4+ Bd7 6. Qxd4 exd5 7. Nf3 Nc6 8. Qd1 Nf6 9. g3 Bc5 10. Bg2 Ne4 11. 0-0 Nxc3 12. bxc3 Be6 13. Ng5 0-0 14. c4 d4 15. Rb1 Qe7 16. Qc2 g6 17. Nxe6 fxe6 18. Qe4 Rac8 19. e3 Bb6 20. exd4 Bxd4 21. Be3 Bxe3 22. Qxe3 a6 23. Rfe1 Rfe8 24. Rb6 Qd7 25. Reb1 Na5 26. Qg5 Nxc4 27. Rxb7 Rc7 28. Rxc7 Qxc7 29. h4 Rb8 30. Rc1 Qe5 31. Rxc4 1-0